Conversiones electromecánicas: máquinas de c.c y de c.a
Guardat en:
| Autor principal: | |
|---|---|
| Format: | Llibre |
| Idioma: | espanyol |
| Publicat: |
Barcelona
Marcombo
1974
|
| Col·lecció: | Básica de electrotecnia
|
| Matèries: | |
| Etiquetes: |
Afegir etiqueta
Sense etiquetes, Sigues el primer a etiquetar aquest registre!
|
MARC
| LEADER | 00000nam a2200000 a 4500 | ||
|---|---|---|---|
| 001 | UCU5259 | ||
| 003 | CL-VaPUC | ||
| 008 | 960531e19740000SP |||||||||||||||||spa|d | ||
| 082 | 0 | 4 | |a 621.313 |b POL |2 21 |
| 100 | 0 | |a Poloujadoff, M |e author |9 363176 | |
| 245 | 1 | 0 | |a Conversiones electromecánicas: máquinas de c.c y de c.a |
| 300 | |a 235 p | ||
| 942 | |c BK | ||
| 945 | |d 19960531 00:00:00 |a paguirre | ||
| 260 | |a Barcelona |b Marcombo |c 1974 | ||
| 650 | 0 | |a Motores eléctricos |9 260085 | |
| 650 | 7 | |a GENERADORES ELECTRICOS |2 CL-VaPUC |9 363177 | |
| 650 | 7 | |a MOTORES DE CORRIENTE CONTINUA |2 CL-VaPUC |9 363064 | |
| 650 | 7 | |a MOTORES DE CORRIENTE ALTERNA |2 CL-VaPUC |9 361984 | |
| 650 | 7 | |a TECNOLOGIA ELECTRICA |2 CL-VaPUC |9 336952 | |
| 583 | |a last modification |c 19960531 00:00:00 |k Rodrigo Vera | ||
| 490 | 0 | |a Básica de electrotecnia | |
| 999 | |c 248681 |d 248679 | ||
| 952 | |0 0 |1 0 |4 0 |6 621_313000000000000_POL_1974 |7 0 |8 A |9 265470 |a BIBING |b BIBING |d 2019-11-19 |i 167451K |o 621.313 POL 1974 |p 167451K |r 2023-03-02 |w 2019-11-19 |y BK |k EIE | ||